000 00699nam a22002177a 4500
003 DO-SdBNP
005 20230206104549.0
008 220331b2013 dr ||| 00| 0 spa d
020 _a9789945465235
040 _aBPMSU
_bspa
_cBPMSU
082 _a863.44
_bG216L 2013
_222
100 1 _aGarcía Escobar, Obdulia de
245 _aLaurita /
_cObdulia García de Escobar; ilustrador: Víctor Manuel
260 _aSanto Domingo:
_bCP
_c2013
300 _a27 p;
_bils;
_c20 cm
500 _aIncluye datos biográficos en la contracubierta del autor
650 4 _aCuentos infantiles españoles
650 4 _2Literatura infantil española
700 _aManuel,Víctor
_eIlustraciones
942 _2ddc
_cBK
999 _c14131
_d14131